| 000 | 00577nam a2200217Ia 4500 | ||
|---|---|---|---|
| 005 | 20241129115727.0 | ||
| 008 | 241129s9999||||xx |||||||||||||| ||und|| | ||
| 020 | _a9789387200289 | ||
| 037 | _aTB | ||
| 040 |
_aSDCL _beng _cSDCL |
||
| 041 |
_ahin _2hin |
||
| 084 |
_aV27562'N R2 _qSDCL |
||
| 100 |
_aPathak Abha Mishra _9728199 |
||
| 245 | 0 | _aKashi ke vrat, tyohar tatha mele | |
| 260 |
_aVaranasi _bKala Prakashan India _c2022 |
||
| 300 | _a172p. | ||
| 365 |
_aINR _b4000 |
||
| 650 | _aSanskrit | ||
| 942 |
_cTB _hV27562'N R2 |
||
| 999 |
_c1231743 _d1231743 |
||